00393nam a2200157Ia 4500003000400000008004100004040001600045082001300061100001900074245002900093260004200122300000900164490002500173650001500198650002200213GCL140319s9999 xx 000 0 eng d aGCL / cGCL04a843bB A1 aBALZAC, HONORE10aADIEU / cBALZAC, HONORE a[S.N] : bLE LIVRE DE POCHE ، c1995 a92 P aLE LIVRE DE POCHEv004aLITERATURE04aFRENCH LITERATURE